<?xml version="1.0" encoding="UTF-8"?>
<collection xmlns="http://www.loc.gov/MARC21/slim">
 <record>
  <leader>01567nam a2200349 a 4500</leader>
  <controlfield tag="001">7037</controlfield>
  <controlfield tag="003">BD-DhAAL</controlfield>
  <controlfield tag="005">20150614110132.0</controlfield>
  <controlfield tag="008">150614s1990    nyu      b    001 0 eng  </controlfield>
  <datafield tag="010" ind1=" " ind2=" ">
   <subfield code="a">   89026672 </subfield>
  </datafield>
  <datafield tag="020" ind1=" " ind2=" ">
   <subfield code="a">0275935663 (alk. paper)</subfield>
  </datafield>
  <datafield tag="040" ind1=" " ind2=" ">
   <subfield code="a">DLC</subfield>
   <subfield code="c">DLC</subfield>
   <subfield code="d">DLC</subfield>
   <subfield code="d">BD-DhAAL</subfield>
  </datafield>
  <datafield tag="050" ind1="1" ind2="0">
   <subfield code="a">PS338.N4</subfield>
   <subfield code="b">B76 1990</subfield>
  </datafield>
  <datafield tag="082" ind1="0" ind2="0">
   <subfield code="a">812/.52099287</subfield>
   <subfield code="2">20</subfield>
  </datafield>
  <datafield tag="100" ind1="2" ind2=" ">
   <subfield code="a">Brown-Guillory, Elizabeth.</subfield>
   <subfield code="9">11991</subfield>
  </datafield>
  <datafield tag="245" ind1="0" ind2="0">
   <subfield code="a">Their place on the stage :</subfield>
   <subfield code="b">Black women playwrights in America /</subfield>
   <subfield code="c">Elizabeth Brown-Guillory ; foreword by Margaret Walker Alexander ; afterword by Gloria T. Hull.</subfield>
  </datafield>
  <datafield tag="250" ind1=" " ind2=" ">
   <subfield code="a">Paperback ed.</subfield>
  </datafield>
  <datafield tag="260" ind1=" " ind2=" ">
   <subfield code="a">New York :</subfield>
   <subfield code="b">Praeger,</subfield>
   <subfield code="c">1990.</subfield>
  </datafield>
  <datafield tag="300" ind1=" " ind2=" ">
   <subfield code="a">xiv, 163 p. ;</subfield>
   <subfield code="c">24 cm.</subfield>
  </datafield>
  <datafield tag="504" ind1=" " ind2=" ">
   <subfield code="a">Includes bibliographical references ([153]-158) and index.</subfield>
  </datafield>
  <datafield tag="541" ind1=" " ind2=" ">
   <subfield code="e">7037</subfield>
  </datafield>
  <datafield tag="650" ind1=" " ind2="0">
   <subfield code="a">American drama</subfield>
   <subfield code="x">African American authors</subfield>
   <subfield code="x">History and criticism.</subfield>
   <subfield code="9">11992</subfield>
  </datafield>
  <datafield tag="650" ind1=" " ind2="0">
   <subfield code="a">Women and literature</subfield>
   <subfield code="z">United States</subfield>
   <subfield code="x">History</subfield>
   <subfield code="y">20th century.</subfield>
   <subfield code="9">11993</subfield>
  </datafield>
  <datafield tag="650" ind1=" " ind2="0">
   <subfield code="a">American drama</subfield>
   <subfield code="x">Women authors</subfield>
   <subfield code="x">History and criticism.</subfield>
   <subfield code="9">11994</subfield>
  </datafield>
  <datafield tag="650" ind1=" " ind2="0">
   <subfield code="a">American drama</subfield>
   <subfield code="y">20th century</subfield>
   <subfield code="x">History and criticism.</subfield>
   <subfield code="9">11995</subfield>
  </datafield>
  <datafield tag="650" ind1=" " ind2="0">
   <subfield code="a">African American women</subfield>
   <subfield code="x">Intellectual life.</subfield>
   <subfield code="9">11996</subfield>
  </datafield>
  <datafield tag="650" ind1=" " ind2="0">
   <subfield code="a">African American women in literature.</subfield>
   <subfield code="9">11997</subfield>
  </datafield>
  <datafield tag="650" ind1=" " ind2="0">
   <subfield code="a">African Americans in literature.</subfield>
   <subfield code="9">11998</subfield>
  </datafield>
  <datafield tag="650" ind1=" " ind2="0">
   <subfield code="a">African American theater.</subfield>
   <subfield code="9">11999</subfield>
  </datafield>
  <datafield tag="942" ind1=" " ind2=" ">
   <subfield code="2">ddc</subfield>
   <subfield code="c">BK</subfield>
  </datafield>
  <datafield tag="999" ind1=" " ind2=" ">
   <subfield code="c">34708</subfield>
   <subfield code="d">34708</subfield>
  </datafield>
  <datafield tag="952" ind1=" " ind2=" ">
   <subfield code="0">0</subfield>
   <subfield code="1">0</subfield>
   <subfield code="2">ddc</subfield>
   <subfield code="4">0</subfield>
   <subfield code="6">812_520992870000000_BRO</subfield>
   <subfield code="7">0</subfield>
   <subfield code="9">54279</subfield>
   <subfield code="a">SCL</subfield>
   <subfield code="b">SCL</subfield>
   <subfield code="c">GEN</subfield>
   <subfield code="d">2015-06-14</subfield>
   <subfield code="e">Gift: The Asia Foundation</subfield>
   <subfield code="l">4</subfield>
   <subfield code="m">10</subfield>
   <subfield code="o">812.52099287 BRO</subfield>
   <subfield code="p">3020007037</subfield>
   <subfield code="r">2026-05-08</subfield>
   <subfield code="s">2026-03-05</subfield>
   <subfield code="t">1</subfield>
   <subfield code="w">2015-06-14</subfield>
   <subfield code="y">BK</subfield>
  </datafield>
 </record>
</collection>
